<?xml version="1.0" encoding="UTF-8"?>
<record
    xmlns:xsi="http://www.w3.org/2001/XMLSchema-instance"
    xsi:schemaLocation="http://www.loc.gov/MARC21/slim http://www.loc.gov/standards/marcxml/schema/MARC21slim.xsd"
    xmlns="http://www.loc.gov/MARC21/slim">

  <leader>01508nam a22002537a 4500</leader>
  <controlfield tag="005">20220421152124.0</controlfield>
  <controlfield tag="008">220421b           ||||| |||| 00| 0 eng d</controlfield>
  <datafield tag="020" ind1=" " ind2=" ">
    <subfield code="a">0385483740</subfield>
  </datafield>
  <datafield tag="040" ind1=" " ind2=" ">
    <subfield code="c">Al</subfield>
  </datafield>
  <datafield tag="041" ind1=" " ind2=" ">
    <subfield code="a">English</subfield>
  </datafield>
  <datafield tag="082" ind1=" " ind2=" ">
    <subfield code="2">23</subfield>
    <subfield code="a">968.06</subfield>
    <subfield code="b">TUTR</subfield>
  </datafield>
  <datafield tag="100" ind1=" " ind2=" ">
    <subfield code="a">Desmond Tutu</subfield>
    <subfield code="9">30818</subfield>
  </datafield>
  <datafield tag="245" ind1=" " ind2=" ">
    <subfield code="a">Rainbow People of God: The Making of a Peaceful Revolution </subfield>
  </datafield>
  <datafield tag="260" ind1=" " ind2=" ">
    <subfield code="a">New York</subfield>
    <subfield code="b">Image Book</subfield>
    <subfield code="c">1994</subfield>
  </datafield>
  <datafield tag="300" ind1=" " ind2=" ">
    <subfield code="a">xxii,281 p.</subfield>
    <subfield code="b">PB</subfield>
    <subfield code="c">23.5x15 cm.</subfield>
  </datafield>
  <datafield tag="520" ind1=" " ind2=" ">
    <subfield code="a">The Rainbow People Of God traces South Africa's glorious victory over apartheid in the writings and speeches of one its central figures, Archbishop Desmond Tutu. From the graveside of Steven Biko to the triumphant inauguration of Nelson Mandela as President of South Africa, Tutu's words and presence helped shape events and led South Africa toward justice and freedom. This astonishing tapestry of narrative is not only a valuable historical document of those significant events, but it also showcases the unique sense of spirit of one of the foremost spiritual leaders in the world. Tested through the greatest adversity, these writings will endure for generations to come by their truly powerful combination of compassion and strength.</subfield>
  </datafield>
  <datafield tag="650" ind1=" " ind2=" ">
    <subfield code="a">South Africa -- Race relations. </subfield>
    <subfield code="9">30819</subfield>
  </datafield>
  <datafield tag="650" ind1=" " ind2=" ">
    <subfield code="a">Sermons</subfield>
    <subfield code="9">30820</subfield>
  </datafield>
  <datafield tag="650" ind1=" " ind2=" ">
    <subfield code="a">English -- South Africa</subfield>
    <subfield code="9">30821</subfield>
  </datafield>
  <datafield tag="650" ind1=" " ind2=" ">
    <subfield code="a">Church of the Province of Southern Africa -- Sermons</subfield>
    <subfield code="9">30822</subfield>
  </datafield>
  <datafield tag="700" ind1=" " ind2=" ">
    <subfield code="a">TUTU (Desmond)</subfield>
    <subfield code="9">30823</subfield>
  </datafield>
  <datafield tag="700" ind1=" " ind2=" ">
    <subfield code="a">ALLEN (John) Ed</subfield>
    <subfield code="9">30824</subfield>
  </datafield>
  <datafield tag="942" ind1=" " ind2=" ">
    <subfield code="2">ddc</subfield>
    <subfield code="c">GF</subfield>
  </datafield>
  <datafield tag="999" ind1=" " ind2=" ">
    <subfield code="c">222544</subfield>
    <subfield code="d">222544</subfield>
  </datafield>
  <datafield tag="952" ind1=" " ind2=" ">
    <subfield code="0">0</subfield>
    <subfield code="1">0</subfield>
    <subfield code="2">ddc</subfield>
    <subfield code="4">0</subfield>
    <subfield code="7">0</subfield>
    <subfield code="8">HIS</subfield>
    <subfield code="a">AL</subfield>
    <subfield code="b">AL</subfield>
    <subfield code="d">2013-03-24</subfield>
    <subfield code="l">0</subfield>
    <subfield code="o">968.06 TUTR</subfield>
    <subfield code="p">GF02155</subfield>
    <subfield code="r">2022-04-21 00:00:00</subfield>
    <subfield code="w">2022-04-21</subfield>
    <subfield code="y">GF</subfield>
  </datafield>
</record>
